[Event "10th American Continental"]
[Site "Montevideo URU"]
[Date "2015.05.23"]
[Round "10.6"]
[White "Shabalov, Alexander"]
[Black "Kaidanov, Gregory S"]
[Result "1/2-1/2"]
[WhiteTitle "GM"]
[BlackTitle "GM"]
[WhiteElo "2523"]
[BlackElo "2566"]
[WhiteFideId "2008572"]
[BlackFideId "2008564"]
[EventDate "2015.05.15"]
[EventType "swiss"]

1. d4 Nf6 2. c4 e6 3. Nc3 d5 4. Nf3 c5 5. cxd5 cxd4 6. Qxd4 exd5 7. e4 Nc6 8.
Bb5 dxe4 9. Qxd8+ Kxd8 10. Ng5 Be6 11. Nxe6+ fxe6 12. Bg5 Bb4 13. O-O-O+ Kc7 14.
Rhe1 Rhf8 15. Bh4 Rae8 16. Re2 Bxc3 17. bxc3 a6 18. Ba4 b5 19. Bc2 Nd5 20. Kb2
e3 21. Bxh7 exf2 22. Bxf2 Nf4 23. Bg3 e5 24. Red2 e4 25. Bg6 Re6 26. Rd7+ Kb6
27. Bf7 Rf6 28. Bd5 Nd3+ 29. Ka3 a5 30. Bc7+ Ka6 31. Bd6 Rc8 32. Bxe4 b4+ 33.
cxb4 axb4+ 34. Bxb4 Ndxb4 35. Rxg7 Kb6 36. Rg3 Rf4 37. Bxc6 Nxc6 38. Rb3+ Kc7
39. Rd2 Ra8+ 40. Kb2 Na5 41. Rc2+ Nc4+ 42. Ka1 Kd6 43. Rd3+ Kc5 44. Rd1 Raf8 45.
Rdc1 Kd5 46. Rc3 Rd4 47. Rf3 Rxf3 48. gxf3 Rd2 49. f4 Ne3 50. f5 Nxf5 51. Rc7
Nd4 52. h4 Ke4 53. Rc3 Kd5 54. h5 Nb5 55. Rc8 Rh2 56. Kb1 Kd4 57. a4 Na3+ 58.
Kc1 Kd3 59. Rd8+ Kc3 60. Rc8+ Kd3 61. Rd8+ Kc3 62. Rc8+ Nc4 63. Kd1 Rxh5 1/2-1/2

[Event "10th American Continental"]
[Site "Montevideo URU"]
[Date "2015.05.23"]
[Round "10.7"]
[White "Granda Zuniga, Julio E"]
[Black "Rodriguez Vila, Andres"]
[Result "1-0"]
[WhiteTitle "GM"]
[BlackTitle "GM"]
[WhiteElo "2650"]
[BlackElo "2485"]
[WhiteFideId "3800024"]
[BlackFideId "3000010"]
[EventDate "2015.05.15"]
[EventType "swiss"]

1. d4 e6 2. c4 c5 3. d5 exd5 4. cxd5 Nf6 5. Nc3 Bd6 6. Bg5 h6 7. Bh4 Be5 8. Nf3
Bxc3+ 9. bxc3 d6 10. Nd2 Nbd7 11. e4 O-O 12. Be2 Re8 13. O-O Nf8 14. Bd3 Ng6 15.
Bg3 Ne5 16. Bc2 b6 17. f4 Neg4 18. Rf3 Nh5 19. Be1 f5 20. h3 fxe4 21. Nxe4 Ngf6
22. Nf2 Ba6 23. Bd3 Bxd3 24. Qxd3 Nd7 25. Ng4 Kh8 26. Qg6 Nhf6 27. Bh4 Nf8 28.
Qxh6+ gxh6 29. Bxf6+ Qxf6 30. Nxf6 Re7 31. Rg3 Rg7 32. Rxg7 Kxg7 33. Ne4 Ng6 34.
g3 Ne7 35. c4 Nf5 36. Kf2 Rd8 37. Re1 Nd4 38. Nc3 Kf7 39. g4 Rg8 40. Re4 a6 41.
a4 Ra8 42. Kg3 Rb8 43. f5 b5 44. cxb5 axb5 45. Nxb5 Nxb5 46. axb5 Rxb5 47. Re6 1-0

[Event "10th American Continental"]
[Site "Montevideo URU"]
[Date "2015.05.23"]
[Round "10.8"]
[White "Alonso, Salvador"]
[Black "Lenderman, Aleksandr"]
[Result "1-0"]
[WhiteTitle "GM"]
[BlackTitle "GM"]
[WhiteElo "2488"]
[BlackElo "2636"]
[WhiteFideId "105198"]
[BlackFideId "2021285"]
[EventDate "2015.05.15"]
[EventType "swiss"]

1. e4 c5 2. Nf3 d6 3. d4 cxd4 4. Nxd4 Nf6 5. Nc3 Nc6 6. Bc4 e6 7. Bb3 a6 8. O-O
Na5 9. f4 Nxb3 10. axb3 Be7 11. Kh1 O-O 12. e5 Ne8 13. Be3 f6 14. exf6 Nxf6 15.
Qe2 Re8 16. Rad1 Bf8 17. Nf3 Bd7 18. Bd4 Rc8 19. Ng5 Qe7 20. Bxf6 gxf6 21. Nge4
d5 22. Ng3 f5 23. Nh5 Bg7 24. Rf3 Kh8 25. Nxg7 Qxg7 26. Qd2 b5 27. Ne2 Qxb2 28.
Nd4 Rg8 29. Qe3 Rg7 30. Qe5 Rg8 31. Rg3 h6 32. Rg6 Kh7 33. Rxh6+ Kxh6 34. Nxf5+
exf5 35. Qxb2 d4 36. Qxd4 Bc6 37. Qf6+ Rg6 38. Qh4+ Kg7 39. Qe7+ Kh6 40. Qh4+
Kg7 41. Rd2 Kf7 42. Qh5 Ke6 43. Kg1 Rxg2+ 44. Rxg2 Rxg2+ 45. Kf1 Be4 46. Qe8+
Kf6 47. h4 Rxc2 48. h5 Bd3+ 49. Kg1 Rc1+ 50. Kf2 Rc2+ 51. Kg3 Be4 52. Qf8+ Ke6
53. h6 Rg2+ 54. Kh3 Rg1 55. Qc8+ Kd6 56. Qb8+ Kc6 57. Qa7 Rh1+ 58. Kg3 1-0

[Event "10th American Continental"]
[Site "Montevideo URU"]
[Date "2015.05.23"]
[Round "10.9"]
[White "Quintiliano Pinto, Renato R."]
[Black "Iturrizaga Bonelli, Eduardo"]
[Result "0-1"]
[WhiteTitle "FM"]
[BlackTitle "GM"]
[WhiteElo "2411"]
[BlackElo "2613"]
[WhiteFideId "2117568"]
[BlackFideId "3901211"]
[EventDate "2015.05.15"]
[EventType "swiss"]

1. d4 Nf6 2. c4 c5 3. d5 e6 4. Nc3 exd5 5. cxd5 d6 6. Nf3 g6 7. g3 Bg7 8. Bg2
O-O 9. O-O Re8 10. Nd2 b6 11. a4 Nbd7 12. h3 Ba6 13. Nb5 Bxb5 14. axb5 Qc7 15.
Nc4 Ne5 16. Na3 Re7 17. Re1 Rae8 18. Bf4 Nfd7 19. Qd2 f5 20. Rac1 Nf6 21. b4 Nf7
22. bxc5 bxc5 23. Nc4 Qd7 24. h4 h6 25. b6 axb6 26. Nxb6 Qd8 27. Nc4 Ne4 28. Qd3
Bd4 29. Be3 Bg7 30. Bd2 Ra7 31. Bxe4 Rxe4 32. Bc3 Ra4 33. Bxg7 Kxg7 34. Nd2 Red4
35. Qc3 Qf6 36. Nf3 Rdb4 37. Qe3 Re4 38. Qb3 f4 39. Kg2 Rab4 40. Qa2 fxg3 41.
fxg3 Rb2 42. Qa6 Re3 0-1

[Event "10th American Continental"]
[Site "Montevideo URU"]
[Date "2015.05.23"]
[Round "10.10"]
[White "Felgaer, Ruben"]
[Black "Vera Siguenas, Deivy"]
[Result "1-0"]
[WhiteTitle "GM"]
[BlackTitle "IM"]
[WhiteElo "2582"]
[BlackElo "2469"]
[WhiteFideId "107069"]
[BlackFideId "3804623"]
[EventDate "2015.05.15"]
[EventType "swiss"]

1. e4 e5 2. Nf3 Nc6 3. Bb5 a6 4. Ba4 Nf6 5. O-O Be7 6. Re1 b5 7. Bb3 O-O 8. a4
Bb7 9. d3 d6 10. Nbd2 Qd7 11. Nf1 Nd8 12. axb5 axb5 13. Rxa8 Bxa8 14. Ng3 Ne6
15. Nf5 Bd8 16. c3 c5 17. Bc2 g6 18. Ng3 Re8 19. h3 Ng7 20. d4 Qc7 21. Bh6 Ngh5
22. d5 Kh8 23. Qd2 Nxg3 24. fxg3 Ng8 25. Be3 Bb7 26. g4 Bc8 27. Ra1 Qb7 28. b4
Bb6 29. Qf2 Qc7 30. Bd3 Rf8 31. Bxb5 f5 32. gxf5 gxf5 33. bxc5 Bxc5 34. Bxc5
fxe4 35. Ra7 Qxc5 36. Qxc5 dxc5 37. Nxe5 Nf6 38. d6 e3 39. d7 1-0

[Event "10th American Continental"]
[Site "Montevideo URU"]
[Date "2015.05.23"]
[Round "10.11"]
[White "Cori T., Deysi"]
[Black "Mekhitarian, Krikor Sevag"]
[Result "1-0"]
[WhiteTitle "WGM"]
[BlackTitle "GM"]
[WhiteElo "2431"]
[BlackElo "2572"]
[WhiteFideId "3801934"]
[BlackFideId "2107660"]
[EventDate "2015.05.15"]
[EventType "swiss"]

1. d4 Nf6 2. c4 g6 3. Nc3 d5 4. Bg5 Ne4 5. Bf4 Nxc3 6. bxc3 Bg7 7. cxd5 Qxd5 8.
Qb3 Qa5 9. e3 O-O 10. Nf3 c5 11. Bc4 cxd4 12. exd4 Nc6 13. O-O Qf5 14. Bc7 Qd7
15. Be5 Na5 16. Qb4 Nxc4 17. Bxg7 Kxg7 18. Qxc4 e6 19. Ne5 Qd6 20. Qe2 b6 21.
Rfd1 Bb7 22. c4 Rad8 23. Rac1 f6 24. Ng4 Rfe8 25. Ne3 Qf4 26. Qb2 Qe4 27. Qa3 a6
28. Qb4 f5 29. Qb2 Kg8 30. d5 exd5 31. cxd5 b5 32. Rc7 Re7 33. Rdc1 Bxd5 34. Qf6
Rde8 35. Rxe7 Rxe7 36. Rc8+ Re8 37. Rc7 Qe5 38. Qxe5 Rxe5 39. Rc5 Rxe3 40. fxe3
Bxa2 41. Rc8+ Kg7 42. Ra8 Bd5 43. Rxa6 b4 44. Rd6 Bf7 45. Kf2 b3 46. Rb6 Bd5 47.
h4 Kf7 48. Kg3 Ke7 49. Kf4 Kd7 50. Ke5 Kc7 51. Rb5 Bg8 52. Kd4 Kc6 53. Rb8 Kc7
54. Rb4 Kc6 55. g3 Bd5 56. Rb8 Kc7 57. Rb4 Kc6 58. Rb8 Kc7 59. Rb4 Kc6 60. Kc3
h5 61. Rb8 Kd7 62. Rb6 Be6 63. Rb7+ Ke8 64. Kd4 Kd8 65. Rg7 b2 66. Rb7 Bf7 67.
Ke5 b1=Q 68. Rxb1 Ke7 69. Rb7+ Kf8 70. Kf6 1-0

[Event "10th American Continental"]
[Site "Montevideo URU"]
[Date "2015.05.23"]
[Round "10.12"]
[White "Gonzalez Vidal, Yuri"]
[Black "Pichot, Alan"]
[Result "1-0"]
[WhiteTitle "GM"]
[BlackTitle "IM"]
[WhiteElo "2550"]
[BlackElo "2504"]
[WhiteFideId "3503321"]
[BlackFideId "110973"]
[EventDate "2015.05.15"]
[EventType "swiss"]

1. e4 c5 2. Nf3 e6 3. d4 cxd4 4. Nxd4 a6 5. Bd3 Nf6 6. O-O Qc7 7. Qe2 d6 8. c4
Be7 9. Nc3 Nbd7 10. f4 O-O 11. Kh1 b6 12. Bd2 Bb7 13. b4 Rac8 14. Rac1 Rfe8 15.
Qe3 g6 16. Qh3 Qb8 17. f5 exf5 18. exf5 Ne5 19. fxg6 hxg6 20. Nf5 Nfg4 21. Be2
gxf5 22. Rxf5 Qa8 23. Bxg4 Rxc4 24. Bf3 Rh4 25. Qg3+ Kh8 26. Bg5 Rh7 27. Bxe7
Rxe7 28. Bxb7 Rxb7 29. Ne4 Rb8 30. Rxe5 dxe5 31. Qxe5+ Rg7 32. Rc3 Kg8 33. Nf6+ 1-0

[Event "10th American Continental"]
[Site "Montevideo URU"]
[Date "2015.05.23"]
[Round "10.13"]
[White "Di Berardino, Diego Rafael"]
[Black "Hevia Alejano, Carlos Antonio"]
[Result "0-1"]
[WhiteTitle "IM"]
[BlackTitle "IM"]
[WhiteElo "2489"]
[BlackElo "2535"]
[WhiteFideId "2105446"]
[BlackFideId "3508811"]
[EventDate "2015.05.15"]
[EventType "swiss"]

1. e4 c5 2. Nf3 d6 3. d4 cxd4 4. Nxd4 Nf6 5. Nc3 a6 6. Be2 Nbd7 7. O-O g6 8. Bg5
Bg7 9. Qd2 O-O 10. Rfe1 Re8 11. Bf1 b6 12. Nc6 Qc7 13. Nb4 Bb7 14. a4 Qc5 15.
Nd3 Qd4 16. Qf4 Rac8 17. Qh4 Rxc3 18. bxc3 Qxc3 19. Rab1 Qxc2 20. a5 b5 21. Rbc1
Qa2 22. Rc7 Ba8 23. Rec1 Qxa5 24. Rc8 Rf8 25. R1c7 Bxe4 26. Rxf8+ Bxf8 27. Rc8
Bb7 0-1

[Event "10th American Continental"]
[Site "Montevideo URU"]
[Date "2015.05.23"]
[Round "10.14"]
[White "Perez Ponsa, Federico"]
[Black "Supi, Luis Paulo"]
[Result "1-0"]
[WhiteTitle "GM"]
[BlackTitle "IM"]
[WhiteElo "2533"]
[BlackElo "2416"]
[WhiteFideId "117927"]
[BlackFideId "2106388"]
[EventDate "2015.05.15"]
[EventType "swiss"]

1. d4 Nf6 2. c4 g6 3. Nc3 Bg7 4. e4 d6 5. h3 O-O 6. Bg5 c5 7. d5 e6 8. Bd3 h6 9.
Be3 exd5 10. exd5 Re8 11. Nf3 Nh5 12. O-O f5 13. Re1 Rf8 14. Rc1 Na6 15. a3 Nc7
16. b4 b6 17. Bd2 Bd7 18. Rb1 Re8 19. Rxe8+ Nxe8 20. Qc2 Nc7 21. Ne2 Rb8 22. h4
Ne8 23. Nf4 Nxf4 24. Bxf4 Rc8 25. bxc5 bxc5 26. Qd2 Kh7 27. Rb7 Ra8 28. h5 g5
29. Qc2 Bc8 30. Bxf5+ Kh8 31. Bxg5 hxg5 32. Bxc8 Rxc8 33. Qf5 Nf6 34. Nxg5 Qe8
35. h6 Qe1+ 36. Kh2 Qe5+ 37. Qxe5 Ng4+ 38. Kg3 Nxe5 39. hxg7+ 1-0

[Event "10th American Continental"]
[Site "Montevideo URU"]
[Date "2015.05.23"]
[Round "10.15"]
[White "El Debs, Felipe de Cresce"]
[Black "Terry, Renato"]
[Result "0-1"]
[WhiteTitle "GM"]
[BlackTitle "FM"]
[WhiteElo "2527"]
[BlackElo "2464"]
[WhiteFideId "2106981"]
[BlackFideId "3803457"]
[EventDate "2015.05.15"]
[EventType "swiss"]

1. d4 e6 2. c4 Bb4+ 3. Nc3 f5 4. e3 Nf6 5. Ne2 O-O 6. a3 Be7 7. Nf4 g6 8. Be2 c6
9. Qb3 Qc7 10. O-O Kh8 11. Bd2 e5 12. Nh3 d6 13. f3 Be6 14. Rac1 Nbd7 15. Qc2
Rae8 16. Bd3 f4 17. Nf2 fxe3 18. Bxe3 exd4 19. Bxd4 Ne5 20. Bxe5 dxe5 21. Nce4
Rd8 22. Rfe1 Nxe4 23. Nxe4 Rd4 24. Qe2 Rfd8 25. Bb1 Bf5 26. b4 Bxe4 27. Bxe4 Bg5
28. Rcd1 Rxd1 29. Rxd1 Be3+ 30. Kh1 Rd4 31. Rxd4 exd4 0-1

[Event "10th American Continental"]
[Site "Montevideo URU"]
[Date "2015.05.23"]
[Round "10.16"]
[White "Acosta, Pablo Ismael"]
[Black "Henriquez Villagra, Cristobal"]
[Result "0-1"]
[WhiteTitle "IM"]
[BlackTitle "IM"]
[WhiteElo "2320"]
[BlackElo "2478"]
[WhiteFideId "124311"]
[BlackFideId "3409350"]
[EventDate "2015.05.15"]
[EventType "swiss"]

1. c4 c5 2. g3 Nc6 3. Bg2 g6 4. Nc3 Bg7 5. e4 d6 6. d3 e6 7. Nge2 Nge7 8. O-O
O-O 9. Bg5 h6 10. Bf4 a6 11. Rb1 Rb8 12. a3 b5 13. cxb5 axb5 14. b4 e5 15. Be3
cxb4 16. axb4 Nd4 17. Qd2 Kh7 18. f4 f5 19. Rfc1 Be6 20. Nd5 fxe4 21. Nxe7 Nxe2+
22. Qxe2 exd3 23. Qxd3 Qxe7 24. Be4 Bf5 25. Bxf5 Rxf5 26. Rc6 exf4 27. Bxf4 Re8
28. Rxd6 Qa7+ 29. Kg2 Qa2+ 30. Bd2 Ree5 31. Qb3 Re2+ 0-1

[Event "10th American Continental"]
[Site "Montevideo URU"]
[Date "2015.05.23"]
[Round "10.17"]
[White "Molina, Roberto Junio Brito"]
[Black "Pereira, Silvio Cunha"]
[Result "1/2-1/2"]
[WhiteTitle "IM"]
[BlackTitle "FM"]
[WhiteElo "2455"]
[BlackElo "2284"]
[WhiteFideId "2109450"]
[BlackFideId "2100703"]
[EventDate "2015.05.15"]
[EventType "swiss"]

1. d4 Nf6 2. c4 d6 3. Nf3 g6 4. Nc3 Bg7 5. e4 O-O 6. Be2 e5 7. O-O Nc6 8. d5 Ne7
9. b4 Ne8 10. c5 f5 11. Ng5 a5 12. Ba3 Bf6 13. Ne6 Bxe6 14. dxe6 axb4 15. Bxb4
Nc6 16. cxd6 cxd6 17. a3 Rc8 18. Nb5 Nxb4 19. axb4 fxe4 20. Qd5 Be7 21. Ra7 Nf6
22. Qxb7 Re8 23. Nc7 Rf8 24. Na6 Rc2 25. Bb5 Nd5 26. Kh1 Nc3 27. Bc4 d5 28. Bb3
Rcxf2 29. Rxf2 Rxf2 30. h3 Qf8 31. Ra8 Bd8 32. Rxd8 Qxd8 33. e7 Qe8 34. Bxd5+
Nxd5 35. Qxd5+ Rf7 36. Nc7 Qxe7 37. Ne6 Qxb4 38. Qd8+ Rf8 39. Nxf8 Qxf8 40. Qd5+
Qf7 41. Qxe5 Qf5 42. Qe8+ 1/2-1/2

[Event "10th American Continental"]
[Site "Montevideo URU"]
[Date "2015.05.23"]
[Round "10.18"]
[White "Guerrero, Alvaro"]
[Black "Barbosa, Evandro Amorim"]
[Result "1/2-1/2"]
[BlackTitle "IM"]
[WhiteElo "2156"]
[BlackElo "2438"]
[WhiteFideId "3000478"]
[BlackFideId "2115824"]
[EventDate "2015.05.15"]
[EventType "swiss"]

1. d4 Nf6 2. c4 g6 3. f3 d5 4. cxd5 Nxd5 5. e4 Nb6 6. Nc3 Bg7 7. Be3 O-O 8. Qd2
e5 9. d5 c6 10. O-O-O cxd5 11. Nxd5 Nxd5 12. Qxd5 Qc7+ 13. Qc5 Nc6 14. Bc4 Re8
15. Qd6 Qa5 16. Qc5 Be6 17. Qxa5 Nxa5 18. Bxe6 Rxe6 19. b3 Rc8+ 20. Kb2 Rec6 21.
Rc1 Rxc1 22. Bxc1 Nc6 23. Ne2 f5 24. Rd1 fxe4 25. fxe4 Nd4 26. Nc3 Kf7 27. Rf1+
Ke6 28. Bg5 b5 29. Rf2 a5 30. Nd5 a4 31. Be7 Nc6 32. Bg5 h6 33. Bf6 Bf8 34. Bh4
a3+ 35. Kb1 Bg7 36. Rc2 g5 37. Bf2 1/2-1/2

[Event "10th American Continental"]
[Site "Montevideo URU"]
[Date "2015.05.23"]
[Round "10.19"]
[White "Carvalho, Herbert Abreu"]
[Black "Martinez Romero, Martin"]
[Result "0-1"]
[BlackTitle "IM"]
[WhiteElo "2157"]
[BlackElo "2404"]
[WhiteFideId "2100541"]
[BlackFideId "4404025"]
[EventDate "2015.05.15"]
[EventType "swiss"]

1. e4 c5 2. Nf3 e6 3. c3 Nf6 4. e5 Nd5 5. d4 cxd4 6. cxd4 Nc6 7. Bd3 Qb6 8. Be4
Bb4+ 9. Kf1 f5 10. Bc2 Qc7 11. Bd2 b6 12. Kg1 Bb7 13. Na3 Bxa3 14. bxa3 b5 15.
Bb3 Na5 16. Rc1 Qb6 17. h4 Nxb3 18. Qxb3 O-O 19. Rc5 a6 20. Kh2 Rac8 21. Rhc1
Rxc5 22. Rxc5 Bc6 23. Kg1 Rb8 24. h5 b4 25. a4 f4 26. a5 Qd8 27. Qd3 h6 28. Qg6
Qe8 29. Nh4 Qe7 30. Nf3 b3 31. axb3 Rxb3 32. Rc1 Qf7 33. Qg4 Rb2 34. Rd1 Bb5 35.
Nh4 Bd3 36. Rc1 Kh7 37. Rc8 Ne7 38. Bc1 Rb4 39. Rc3 Bf5 40. Nxf5 Nxf5 41. d5
exd5 42. Rc8 Re4 43. f3 Ra4 44. Bd2 Ng3 45. Kf2 Ra2 46. Ke1 Ra1+ 47. Bc1 d4 48.
Rc7 d3 49. Kf2 d2 0-1

[Event "10th American Continental"]
[Site "Montevideo URU"]
[Date "2015.05.23"]
[Round "10.20"]
[White "Santiago, Yago De Moura"]
[Black "Muniz, Rafael"]
[Result "0-1"]
[WhiteTitle "IM"]
[WhiteElo "2400"]
[BlackElo "2281"]
[WhiteFideId "2103877"]
[BlackFideId "3000486"]
[EventDate "2015.05.15"]
[EventType "swiss"]

1. e4 c5 2. Nf3 d6 3. d4 cxd4 4. Nxd4 Nf6 5. Nc3 a6 6. h3 e5 7. Nde2 h5 8. g3
Be6 9. Bg2 Nbd7 10. Bg5 Be7 11. O-O O-O 12. a4 b5 13. Nd5 Bxd5 14. exd5 bxa4 15.
Nc3 Rb8 16. Nxa4 Qc7 17. Bc1 Rfc8 18. Nc3 Nc5 19. Re1 Rb4 20. b3 h4 21. g4 Nh7
22. Be3 a5 23. Qd2 Qd8 24. Na2 Rb7 25. Nc1 Rb4 26. Bxc5 Rxc5 27. Nd3 Rd4 28. c3
Bg5 29. cxd4 Bxd2 30. dxc5 dxc5 31. Nxe5 Bxe1 32. Rxe1 Nf8 33. Nc4 g6 34. Ra1
Qb8 35. Nxa5 Qb4 36. Nc4 Qxb3 37. Bf1 Kg7 38. d6 Ne6 39. d7 Kf6 40. Ra6 Ke7 41.
Rd6 Nd8 42. Rd5 Ne6 43. Ne3 Kd8 44. Rd3 Qb8 45. Rd5 Qf4 46. Bg2 c4 47. Ra5 Kxd7
48. Ra7+ Kd6 49. Ra6+ Kd7 50. Bc6+ Kd6 51. Be8+ Ke5 52. Ra5+ Kd6 53. Ra6+ Ke5
54. Ra4 Ng5 55. Ra5+ Kd6 56. Ra6+ Ke5 57. Ra5+ Kd4 58. Rd5+ Kc3 59. Nd1+ Kc2 60.
Ba4+ Kc1 61. Kf1 Nxh3 62. g5 c3 63. Bb3 c2 64. Rc5 Kxd1 65. Rxc2 Qb4 66. Rc3+
Kd2 67. Rxh3 Qb5+ 68. Kg2 Qxg5+ 69. Kf1 Qf4 70. Bd5 f5 71. Ra3 Qe5 72. Ra2+ Kc1
73. Bf3 g5 74. Ra8 g4 75. Rc8+ Kb2 76. Bh1 f4 77. Bc6 f3 78. Re8 Qh2 79. Ke1
Qg1+ 80. Kd2 Qc1+ 81. Kd3 Qxc6 82. Rb8+ Kc1 0-1

[Event "10th American Continental"]
[Site "Montevideo URU"]
[Date "2015.05.23"]
[Round "10.21"]
[White "Monteiro, Artur Fernando"]
[Black "Paveto, Kevin"]
[Result "0-1"]
[BlackTitle "FM"]
[WhiteElo "1972"]
[BlackElo "2400"]
[WhiteFideId "2108380"]
[BlackFideId "173444"]
[EventDate "2015.05.15"]
[EventType "swiss"]

1. d4 Nf6 2. Bg5 e6 3. Nf3 h6 4. Bh4 d6 5. e3 g5 6. Bg3 Nh5 7. Bd3 Bg7 8. c4 c5
9. Nc3 Nxg3 10. hxg3 g4 11. Nd2 cxd4 12. exd4 h5 13. Nb3 Nc6 14. Be4 f5 15.
Bxc6+ bxc6 16. Qe2 a5 17. Na4 Rb8 18. O-O-O Rb4 19. Nc3 a4 20. Na1 d5 21. cxd5
cxd5 22. Nc2 Rb8 23. Nxa4 Qa5 24. b3 Bd7 25. Ne3 Bxa4 26. Nxf5 Qc7+ 27. Kd2 Bh6+
28. Nxh6 Qa5+ 29. Kc2 Bxb3+ 0-1

[Event "10th American Continental"]
[Site "Montevideo URU"]
[Date "2015.05.23"]
[Round "10.22"]
[White "Pierrot, Facundo"]
[Black "Aranha Filho, Alvaro Z."]
[Result "1-0"]
[WhiteTitle "IM"]
[BlackTitle "FM"]
[WhiteElo "2377"]
[BlackElo "2270"]
[WhiteFideId "103250"]
[BlackFideId "2103931"]
[EventDate "2015.05.15"]
[EventType "swiss"]

1. e4 c5 2. Nf3 e6 3. d4 cxd4 4. Nxd4 Nc6 5. Nc3 Qc7 6. Be2 a6 7. Be3 Nf6 8. O-O
Bb4 9. Na4 Be7 10. c4 Nxe4 11. c5 O-O 12. Rc1 f5 13. g3 Bf6 14. Bf3 Rd8 15. Nb6
Rb8 16. Bf4 Be5 17. Bxe5 Qxe5 18. Bxe4 Qxd4 19. Bxc6 Qxd1 20. Rfxd1 bxc6 21. Rd6
Kf8 22. Rcd1 Ke7 23. b4 Rb7 24. a4 g5 25. a5 Rg8 26. f3 h5 27. Kf2 Kf6 28. h3
Rb8 29. Ke3 Ke7 30. R1d4 Rb7 31. h4 g4 32. fxg4 fxg4 33. Rf4 Rb8 34. Ke4 Rg7 35.
Ke5 Rf7 36. Rxf7+ Kxf7 37. Rd4 Ke7 38. Rd2 1-0

[Event "10th American Continental"]
[Site "Montevideo URU"]
[Date "2015.05.23"]
[Round "10.23"]
[White "Van Riemsdijk, Herman C."]
[Black "Starke, Bruno Orlando"]
[Result "1-0"]
[WhiteTitle "IM"]
[WhiteElo "2352"]
[BlackElo "2133"]
[WhiteFideId "2100053"]
[BlackFideId "2128713"]
[EventDate "2015.05.15"]
[EventType "swiss"]

1. e4 c5 2. Nf3 e6 3. d4 cxd4 4. Nxd4 Nc6 5. Nc3 Qc7 6. g3 a6 7. Bg2 Nf6 8. O-O
Bc5 9. Nxc6 dxc6 10. Na4 Ba7 11. c4 b5 12. Nc3 e5 13. Qc2 Be6 14. b3 O-O 15. Bg5
Ng4 16. h3 h6 17. Bd2 Nf6 18. Ne2 bxc4 19. bxc4 Bc5 20. Kh2 Rab8 21. f4 Rfd8 22.
Bc3 Bd4 23. Nxd4 exd4 24. Bd2 Qe7 25. e5 Ne8 26. f5 Bd7 27. Rae1 Qa3 28. e6 Rb2
29. Bc1 Rxc2 30. Bxa3 Bc8 31. Be7 c5 32. Bxd8 Bb7 33. exf7+ Kh7 34. Rg1 1-0

[Event "10th American Continental"]
[Site "Montevideo URU"]
[Date "2015.05.23"]
[Round "10.24"]
[White "Contreras, Henry"]
[Black "Escalante Ramirez, Brian Sebasti"]
[Result "0-1"]
[WhiteTitle "FM"]
[WhiteElo "2193"]
[BlackElo "2373"]
[WhiteFideId "4400623"]
[BlackFideId "3819566"]
[EventDate "2015.05.15"]
[EventType "swiss"]

1. d4 Nf6 2. c4 g6 3. Nc3 Bg7 4. e4 d6 5. f3 O-O 6. Be3 Nc6 7. Nge2 a6 8. Qd2
Rb8 9. Rc1 Bd7 10. d5 Ne5 11. Ng3 h5 12. h4 c5 13. a4 Ne8 14. Be2 Nc7 15. O-O b5
16. axb5 axb5 17. b3 bxc4 18. bxc4 Rb4 19. Nd1 Na8 20. Bh6 Bf6 21. Bxf8 Qxf8 22.
Nh1 Nb6 23. Ne3 Bxh4 24. f4 Ng4 25. Nxg4 hxg4 26. g3 Bf6 27. Nf2 Bd4 28. Kg2 f5
29. Bd3 fxe4 30. Nxe4 Bf5 31. Ng5 Rb2 32. Rc2 Nxc4 33. Rxb2 Nxd2 34. Rxd2 Bxd3
35. Rxd3 Qf5 36. Rd2 Qxd5+ 37. Kh2 Bg1+ 0-1

[Event "10th American Continental"]
[Site "Montevideo URU"]
[Date "2015.05.23"]
[Round "10.25"]
[White "Barros Rivadeneira, Cristhian"]
[Black "Teixeira, Ricardo da Silva"]
[Result "1-0"]
[WhiteTitle "IM"]
[BlackTitle "FM"]
[WhiteElo "2335"]
[BlackElo "2223"]
[WhiteFideId "3609677"]
[BlackFideId "2100126"]
[EventDate "2015.05.15"]
[EventType "swiss"]

1. c4 e6 2. d4 f5 3. Nc3 Nf6 4. g3 Be7 5. Bg2 O-O 6. Nf3 d6 7. O-O a5 8. Qc2 Nc6
9. a3 e5 10. dxe5 dxe5 11. Rd1 Qe8 12. Nb5 Bd8 13. Nd2 Qh5 14. Nf1 f4 15. gxf4
Ng4 16. f3 Nh6 17. Ng3 Qh4 18. fxe5 Nxe5 19. Qe4 Neg4 20. fxg4 Nxg4 21. Qd5+ Kh8
22. Qh5 Qe7 23. h3 Nf6 24. Qg5 c6 25. Nd6 Bb6+ 26. c5 h6 27. Qe3 1-0

[Event "10th American Continental"]
[Site "Montevideo URU"]
[Date "2015.05.23"]
[Round "10.26"]
[White "Arias Bouzada, Jorge URU"]
[Black "Larrea, Manuel"]
[Result "0-1"]
[WhiteTitle "CM"]
[BlackTitle "FM"]
[WhiteElo "2070"]
[BlackElo "2327"]
[WhiteFideId "3000389"]
[BlackFideId "3000508"]
[EventDate "2015.05.15"]
[EventType "swiss"]

1. e4 c5 2. Nf3 Nc6 3. d4 cxd4 4. Nxd4 Nf6 5. Nc3 e5 6. Ndb5 d6 7. Nd5 Nxd5 8.
exd5 Nb8 9. c4 a6 10. Nc3 Be7 11. Be2 O-O 12. O-O f5 13. f4 Nd7 14. Kh1 Bf6 15.
Be3 exf4 16. Bxf4 Ne5 17. Qd2 b6 18. Rac1 Ra7 19. b4 g5 20. Be3 Rg7 21. Na4 f4
22. Bxb6 Qe8 23. Nc3 f3 24. Ne4 g4 25. Bd4 fxg2+ 26. Kxg2 Nf3 27. Bxf3 gxf3+ 28.
Kh1 f2 0-1